000 00842nam a2200253 i 4500
001 53360
003 ES-MaACL
005 20230906162742.0
007 t|
008 031021s2002 sp ||||0| spa j
020 _a84-7844-551-X
040 _aM-BN
_bspa
_cM-BN
080 _a004:316.42
100 1 _aAlonso, Andoni.
_920183
245 1 3 _aLa nueva ciudad de Dios
_b: un juego cibercultural sobre el tecno-hermetismo /
_cAndoni Alonso, Iñaki Arzoz ; hiperpresentación de Antonio R. de las Heras.
260 _aMadrid :
_bSiruela,
_c[2002]
300 _a361 p ;
_c21 cm.
490 1 _aBiblioteca de ensayo
650 1 4 _aTecnología de la información-
_xAspectos sociales.
_917418
700 1 _aArzoz, Iñaki.
_923526
830 0 _aBiblioteca de ensayo
_9178029
852 _aES-MaACL
_jL-26561
_bR.131647
999 _c53360
_d53360